1950 1422 1329 1850 1577 1115 1073 1109 1993 1864 1943 1573 1662 1474 1086 1328 1129 1355 1757 1937 1102 1753 1996 1219 1963 1586 1701 1912 1287 1101 1137 1409 1181 1725 1969 1272 1714 1247 1887 1697 1550 1754 1441 1615 1050 1101 1146 1454 1275 1265 1840 1314 1562 1262 1028 1297 1240 1830 1716 1410 1161 1954 1022 1635 1587 1542 1437 1980 1418 1447 1199 1025 1795 1121 1300 1276 1043 1769 1638 1364 1303 1651 1762 1740 1872 1626 1932 1512 1507 1238 1165 1268 1745 1273 1440 1608 1543 1484 1889 BCNSPRNW ULIB Ver.6.0+V

เปลี่ยนเป็นภาษาไทย

Change to English
 แสดงรายละเอียดบรรณานุกรม
  กลับหน้าหลัก

Brief Record : Get Marc (ISO 2709) : E-mail record : QR code < ปิดหน้าต่าง
LEADER : 00000nam 2200000uu 4500
001    13399112372
003     ULIB
008    110809s2550||||th 000 0 tha d
020    9749261356
060 04 QV55^bป446ค
100 0  ปราณี ทู้ไพเราะ
245 10 คู่มือยา =^bHandbook of drugs /^cปราณี ทู้ไพเราะ
246 31 Handbook of drugs
250    พิมพ์ครั้งที่ 8
260    กรุงเทพฯ :^bภาควิชาการพยาบาลอายุรศาสตร์ คณะพยาบาลศาสตร์มหาวิทยาลัยมหิดล,^c2550
300    482 หน้า ;^c21 ซม.
504    มีบรรณานุกรมและดรรชนี
650  7 เภสัชวิทยา
650  7 ยา^xคู่มือ
710 2  มหาวิทยาลัยมหิดล. ^bคณะพยาบาลศาสตร์.^bภาควิชาการพยาบาลอายุรศาสตร์
945    ^p350^l0^i14495
995    กัณชพร
999    ^aใช้งานได้ทุกระบบ
รายการนี้ยังไม่มีแท็ก
คุณยังไม่ได้ล็อกอิน คุณสามารถมีกิจกรรมร่วมกับเว็บไซต์ได้ แต่ต้องล็อกอินก่อน ::
  ล็อกอิน

รายการสื่อสารสนเทศ

ลำดับที่ ประเภท เลขเรียก/บาร์โค้ด สถานที่ สถานะ
1. วิทยาศาสตร์การแพทย์ และสุขภาพ
วิทยาศาสตร์การแพทย์ และสุขภาพ
QV55 ป446ค  
  Barcode: 14495
ห้องสมุดวิทยาเขตสวรรค์ประชารักษ์
►ส่วนจัดเก็บหนังสือเก่า สปร
บนชั้น
  ขอยืม

รายการใกล้เคียง
    ผู้แต่ง [ปราณี ทู้ไพเราะ]

    หัวเรื่อง [เภสัชวิทยา]

BibComment


ยังไม่เคยถูกคอมเมนท์

คอมเมนท์ทรัพยากรรายการนี้
  คอมเมนท์: คู่มือยา Handboo..


 Copyright 2026. Bcnsprnw @Library